Κατάλογος Βιβλιοθηκών Mediterranean College

Γνωστική Ψυχολογία και Εκπαίδευση / Αξιοποίηση της Έρευνας - 1 (Record no. 119)

MARC details
000 -LEADER
fixed length control field 01506cam a22002054a 4500
005 - ΗΜΕΡΟΜΗΝΙΑ ΚΑΙ ΩΡΑ ΤΕΛΕΥΤΑΙΑΣ ΕΝΗΜΕΡΩΣΗΣ
Πεδίο ελέγχου 20250605163924.0
008 - FIXED-LENGTH DATA ELEMENTS--GENERAL INFORMATION
Πεδίο ελέγχου σταθερού μήκους 250528s ||||||||||||||||||||||||d
035 ## - SYSTEM CONTROL NUMBER
System control number 14490
020 ## - ISBN
ISBN 960344507
040 ## - ΠΗΓΗ ΚΑΤΑΛΟΓΟΓΡΑΦΗΣΗΣ
Φορέας πρωτότυπης καταλογογράφησης MC Athens Campus Library
Γλώσσα καταλογογράφησης Ελληνικά, Μοντέρνα (1453-)
Modifying agency MC Athens Campus Library
Κανόνες περιγραφικής καταλογογράφησης AACR2
245 1# - ΤΙΤΛΟΣ ΚΑΙ ΔΗΛΩΣΗ ΥΠΕΥΘΥΝΟΤΗΤΑΣ
Τίτλος Γνωστική Ψυχολογία και Εκπαίδευση / Αξιοποίηση της Έρευνας - 1
250 ## - EDITION STATEMENT
Edition statement 1st
260 ## - PUBLICATION, DISTRIBUTION, ETC.
Name of publisher, distributor, etc. Ελληνικά Γράμματα,
Date of publication, distribution, etc. 1998
300 ## - PHYSICAL DESCRIPTION
Extent 184
520 ## - SUMMARY, ETC.
Summary, etc. Εισαγωγικό Σημείωμα, Οι Σύγχρονες Προκλήσεις για την Πανεπιστημιακή Έρευνα με Έμφαση στην Κοινωνική Έρευνα και στην Εκπαιδευτική Έρευνα, Γνωστικές Παρεμβάσεις με Στόχο την Ανάπτυξη της Σκέψης, Γνωστικές Λειτουργίες και Υπολογιστές: Μια Διττή Προσέγγιση, Γνωστικές Λειτουργίες για την Πρόσβαση στη Γραφή και στην Ανάγνωση, Η Μελέτη των Γνωστικών Σχημάτων Κατάτμησης και Αναπλαισίωσης Πληροφοριών κατά την κατανόηση Μακροσκελών Αφηγηματικών Κειμένων, Συστημική Προσέγγιση και Διδακτικές Προεκτάσεις.
700 1# - ΠΡΟΣΘΕΤΗ ΑΝΑΓΡΑΦΗ--ΦΥΣΙΚΟ ΠΡΟΣΩΠΟ
Personal name Μπεζέ Λουκία
9 (RLIN) 185
942 ## - ADDED ENTRY ELEMENTS (KOHA)
Koha item type Books
Holdings
Τύπος τεκμηρίου Βιβλιοθήκη Τρέχουσα τοποθεσία Barcode Αριθμός εισαγωγής Ημερομηνία απόκτησης Ταξιθετικό σύμβολο Αριθμός αντιτύπου Κατάσταση απόσυρσης Κατάσταση χαμένου Κατάσταση κατεστραμμένου Μη δανεισμός Σύνολο δανεισμών Ημερομηνία τελευταίας εμφάνισης Η τιμή ισχύει από
Books MC Athens Campus Library MC Athens Campus Library 9780000001184 1184 05/06/2025 153.15 BEZ 1           05/06/2025 05/06/2025

MC Athens Campus Library
Πατησίων 94 & Κοδριγκτώνος 13, 104 34
Πελλήνης 8 & Πατησίων 107, 112 51
Τ: +30 210 8899600

MC Thessaloniki Campus Library
Ίωνος Δραγούμη 21, 54625 | Ίωνος Δραγούμη 15, 54625
Τ: +30 2310 287779 – Τ: +30 2314 440300